<?xml version="1.0" encoding="UTF-8"?>
<record
    xmlns:xsi="http://www.w3.org/2001/XMLSchema-instance"
    xsi:schemaLocation="http://www.loc.gov/MARC21/slim http://www.loc.gov/standards/marcxml/schema/MARC21slim.xsd"
    xmlns="http://www.loc.gov/MARC21/slim">

  <leader>00478nam a2200181Ia 4500</leader>
  <controlfield tag="008">100917s9999    xx            000 0 und d</controlfield>
  <datafield tag="082" ind1=" " ind2=" ">
    <subfield code="b">4975</subfield>
  </datafield>
  <datafield tag="100" ind1=" " ind2=" ">
    <subfield code="a">&#x917;&#x93E;&#x921;&#x917;&#x940;&#x933; &#x928;. &#x935;&#x93F;.</subfield>
  </datafield>
  <datafield tag="245" ind1=" " ind2=" ">
    <subfield code="a">&#x938;&#x94D;&#x92E;&#x943;&#x924;&#x93F;&#x935;&#x93F;&#x936;&#x947;&#x937;</subfield>
  </datafield>
  <datafield tag="260" ind1=" " ind2=" ">
    <subfield code="b">---</subfield>
    <subfield code="c">1958</subfield>
  </datafield>
  <datafield tag="300" ind1=" " ind2=" ">
    <subfield code="a">138</subfield>
  </datafield>
  <datafield tag="365" ind1=" " ind2=" ">
    <subfield code="b">2</subfield>
  </datafield>
  <datafield tag="520" ind1=" " ind2=" ">
    <subfield code="a">&#x928;&#x93F;&#x92C;&#x902;&#x927;</subfield>
  </datafield>
  <datafield tag="630" ind1=" " ind2=" ">
    <subfield code="a">&#x938;&#x94D;&#x92E;&#x943;&#x924;&#x93F;&#x935;&#x93F;&#x936;&#x947;&#x937;</subfield>
  </datafield>
  <datafield tag="650" ind1=" " ind2=" ">
    <subfield code="a">&#x928;&#x93F;&#x92C;&#x902;&#x927;</subfield>
  </datafield>
  <datafield tag="730" ind1=" " ind2=" ">
    <subfield code="a">&#x938;&#x94D;&#x92E;&#x943;&#x924;&#x93F;&#x935;&#x93F;&#x936;&#x947;&#x937;</subfield>
  </datafield>
  <datafield tag="942" ind1=" " ind2=" ">
    <subfield code="c">BOOK</subfield>
  </datafield>
  <datafield tag="999" ind1=" " ind2=" ">
    <subfield code="c">610369</subfield>
    <subfield code="d">610366</subfield>
  </datafield>
  <datafield tag="952" ind1=" " ind2=" ">
    <subfield code="0">1</subfield>
    <subfield code="1">0</subfield>
    <subfield code="4">0</subfield>
    <subfield code="7">0</subfield>
    <subfield code="a">PUNMGS</subfield>
    <subfield code="b">PUNMGS</subfield>
    <subfield code="c">&#x926;, 6 &#x925; 58</subfield>
    <subfield code="d">2010-09-17</subfield>
    <subfield code="g">2.00</subfield>
    <subfield code="l">0</subfield>
    <subfield code="p">PUNMGS-4975</subfield>
    <subfield code="r">2010-09-17 00:00:00</subfield>
    <subfield code="w">2010-09-17</subfield>
    <subfield code="y">BOOK</subfield>
    <subfield code="z">&#x930;&#x926;&#x94D;&#x926;</subfield>
  </datafield>
</record>
